All 100 gecs Songs - Statistics

General Stats
  • This quiz has been taken 17 times
  • The average score is 14 of 28
Answer Stats
Hint Answer % Correct
10,000 gecs Dumbest Girl Alive
92%
10,000 gecs Doritos & Fritos
77%
10,000 gecs mememe
77%
1000 gecs money machine
77%
1000 gecs stupid horse
77%
10,000 gecs 757
69%
1000 gecs gec 2 Ü
69%
1000 gecs gecgecgec
69%
10,000 gecs Hollywood Baby
69%
1000 gecs 800 db cloud
62%
10,000 gecs Frog on the Floor
62%
1000 gecs hand crushed by a mallet
62%
10,000 gecs I Got My Tooth Removed
62%
10,000 gecs One Million Dollars
62%
1000 gecs ringtone
62%
1000 gecs 745 sticky
54%
10,000 gecs Billy Knows Jamie
54%
10,000 gecs The Most Wanted Person in the United States
46%
Snake Eyes Torture Me
46%
1000 gecs I Need Help Immediately
38%
Snake Eyes Hey Big Man
31%
1000 gecs xXXi_wud_nvrstøp_üXXx
31%
100 gecs dog food
23%
100 gecs gum
23%
100 gecs 25 bands and a geccco
15%
100 gecs bloodstains
15%
Snake Eyes Runaway
15%
100 gecs fuck Teeth
8%
No matching quizzes found
Score Distribution
Percent of People with Each Score
Percentile by Number Answered
Your Score History
You have not taken this quiz